[Event "Deutsche Ländermeisterschaft 2016"]
[Site "Hannover GER"]
[Date "2016.10.01"]
[Round "1"]
[White "Kitze, Alexander"]
[Black "Walter, Kevin"]
[Result "1/2-1/2"]
[Termination "normal"]
[Board "7.1"]
[WhiteElo "2159"]
[BlackElo "2194"]
[WhiteTeam "Sachsen-Anhalt"]
[BlackTeam "Württemberg"]
[PlyCount "86"]
[WhiteFideId "12914827"]
[BlackFideId "12906654"]
[EventCountry "GER"]
[EventRounds "7"]
[EventType "team-swiss"]
[EventDate "2016.09.30"]

1. e4 c5 2. Nf3 e6 3. d4 cxd4 4. Nxd4 a6 5. Bd3 Nf6 6. O-O Qc7 7. Qe2 d6 8. c4
g6 9. Nc3 Bg7 10. Nf3 O-O 11. h3 Nc6 12. Be3 Nd7 13. Rfd1 Bxc3 14. bxc3 Nce5
15. Bh6 Re8 16. Nxe5 dxe5 17. Qf3 Qc5 18. Bc2 Qe7 19. Ba4 b5 20. cxb5 Nc5 21.
Bc2 axb5 22. Be3 Ra3 23. Bxc5 Qxc5 24. Bb3 Kg7 25. Rd2 Ra7 26. Rad1 Rc7 27. Rd3
Bb7 28. Qe2 Qc6 29. f3 b4 30. c4 Ba6 31. Rd6 Qc5+ 32. Qf2 Qxf2+ 33. Kxf2 Bxc4
34. Rc1 Rec8 35. Rb6 Bxb3 36. Rxc7 Rxc7 37. axb3 Rc2+ 38. Kg3 Rb2 39. Rxb4 g5
40. Rb5 Kf6 41. Rb7 h5 42. Rb5 h4+ 43. Kh2 Rb1 1/2-1/2

[Event "Deutsche Ländermeisterschaft 2016"]
[Site "Hannover GER"]
[Date "2016.10.01"]
[Round "1"]
[White "Peng, Xiang-Tobias"]
[Black "Biastoch, Bennet"]
[Result "1-0"]
[Termination "normal"]
[Board "7.2"]
[WhiteElo "2109"]
[BlackElo "2117"]
[WhiteTeam "Württemberg"]
[BlackTeam "Sachsen-Anhalt"]
[PlyCount "101"]
[WhiteFideId "12964328"]
[BlackFideId "12939889"]
[EventCountry "GER"]
[EventRounds "7"]
[EventType "team-swiss"]
[EventDate "2016.09.30"]

1. e4 c5 2. Nf3 Nc6 3. d4 cxd4 4. Nxd4 Qb6 5. Nb3 Nf6 6. Nc3 e6 7. Be3 Qc7 8.
Bd3 d6 9. O-O Be7 10. h3 a6 11. a4 b6 12. Nd2 d5 13. exd5 exd5 14. Bg5 Be6 15.
Nf3 h6 16. Bh4 Bc5 17. Bxf6 gxf6 18. Qe2 Ne7 19. Bxa6 Rg8 20. Kh1 Kf8 21. Bd3
Qd7 22. Ng1 Nf5 23. Bxf5 Bxf5 24. Qf3 Re8 25. Nxd5 Qe6 26. Rfe1 Be4 27. Rxe4
Qxe4 28. Qxe4 Rxe4 29. Nxf6 Rb4 30. Nxg8 Kxg8 31. b3 Bxf2 32. Rd1 Re4 33. Nf3
Re7 34. Rd6 Bg3 35. Rd3 h5 36. Kg1 h4 37. Kf1 Re6 38. Rd5 Rc6 39. Nd4 Rf6+ 40.
Rf5 Rd6 41. c3 Rd8 42. Ke2 Re8+ 43. Kd2 Kf8 44. Ne2 Rd8+ 45. Kc2 Be1 46. Nd4
Re8 47. Kd3 Bg3 48. Rf6 Re1 49. Rxb6 Rg1 50. a5 Rxg2 51. a6 1-0

[Event "Deutsche Ländermeisterschaft 2016"]
[Site "Hannover GER"]
[Date "2016.10.01"]
[Round "1"]
[White "Wagner, Benjamin"]
[Black "Degenhard, Simon"]
[Result "0-1"]
[Termination "normal"]
[Board "7.3"]
[WhiteElo "1923"]
[BlackElo "2042"]
[WhiteTeam "Sachsen-Anhalt"]
[BlackTeam "Württemberg"]
[PlyCount "84"]
[WhiteFideId "12957330"]
[BlackFideId "12944017"]
[EventCountry "GER"]
[EventRounds "7"]
[EventType "team-swiss"]
[EventDate "2016.09.30"]

1. e4 c5 2. Nf3 e6 3. d4 cxd4 4. Nxd4 a6 5. Bd3 Bc5 6. Nb3 Ba7 7. Qe2 Nc6 8.
Be3 d6 9. Nc3 Nge7 10. O-O-O O-O 11. g4 b5 12. h4 b4 13. Nb1 a5 14. Bxa7 Rxa7
15. f4 a4 16. N3d2 Qc7 17. Nf3 b3 18. axb3 axb3 19. c3 d5 20. e5 d4 21. Qe4 f5
22. exf6 Rxf6 23. Ne5 dxc3 24. Qxh7+ Kf8 25. Qh8+ Ng8 26. Bh7 cxb2+ 27. Kxb2
Nxe5 28. Qxg8+ Ke7 29. Qd8+ Qxd8 30. Rxd8 Nc4+ 31. Kc3 Kxd8 32. Kxc4 g6 33.
Rd1+ Ke8 34. Bxg6+ Rxg6 35. g5 Ra4+ 36. Kxb3 Rxf4 37. Rh1 Bb7 38. Rh2 Bd5+ 39.
Kc3 Rg4 40. Nd2 Rg7 41. Nf1 Rc7+ 42. Kd3 Bc4+ 0-1

[Event "Deutsche Ländermeisterschaft 2016"]
[Site "Hannover GER"]
[Date "2016.10.01"]
[Round "1"]
[White "Leser, Katrin"]
[Black "Dietz, Florian"]
[Result "0-1"]
[Termination "normal"]
[Board "7.4"]
[WhiteElo "2056"]
[BlackElo "1821"]
[WhiteTeam "Württemberg"]
[BlackTeam "Sachsen-Anhalt"]
[PlyCount "64"]
[WhiteFideId "12997692"]
[BlackFideId "12939897"]
[EventCountry "GER"]
[EventRounds "7"]
[EventType "team-swiss"]
[EventDate "2016.09.30"]

1. e4 c5 2. Nf3 Nc6 3. d4 cxd4 4. Nxd4 g6 5. c4 Nf6 6. Nc3 d6 7. Be2 Nxd4 8.
Qxd4 Bg7 9. Be3 O-O 10. Qd2 Be6 11. O-O Qa5 12. Rac1 Rfc8 13. b3 a6 14. f4 b5
15. Bf3 bxc4 16. e5 dxe5 17. Bxa8 Rxa8 18. fxe5 Ng4 19. Bg5 Qxe5 20. Bf4 Qd4+
21. Kh1 cxb3 22. axb3 Bxb3 23. h3 Qxd2 24. Bxd2 Ne5 25. Ne4 Bc4 26. Rfd1 Bd5
27. Nc5 Nc4 28. Bg5 e6 29. Nxa6 Bb2 30. Rc2 Rxa6 31. Bh6 Bg7 32. Rxc4 Bxh6 0-1

[Event "Deutsche Ländermeisterschaft 2016"]
[Site "Hannover GER"]
[Date "2016.10.01"]
[Round "1"]
[White "Hundrieser, Malte"]
[Black "Gaßmann, Linda"]
[Result "1/2-1/2"]
[Termination "normal"]
[Board "7.5"]
[WhiteElo "1787"]
[BlackElo "1899"]
[WhiteTeam "Sachsen-Anhalt"]
[BlackTeam "Württemberg"]
[PlyCount "103"]
[WhiteFideId "12997153"]
[BlackFideId "12900451"]
[EventCountry "GER"]
[EventRounds "7"]
[EventType "team-swiss"]
[EventDate "2016.09.30"]

1. e4 e5 2. Nf3 Nf6 3. Nxe5 d6 4. Nf3 Nxe4 5. d4 d5 6. Bd3 Nd7 7. O-O Be7 8. c4
c6 9. Qc2 Ndf6 10. Nc3 Nxc3 11. bxc3 dxc4 12. Bxc4 O-O 13. Be3 Nd5 14. a3 Be6
15. Bd3 h6 16. Rfd1 Qc8 17. Bf1 c5 18. c4 cxd4 19. Bxd4 Nf6 20. Rac1 Rd8 21.
Qb3 b6 22. Be3 Qc7 23. Nd4 Bd7 24. Nb5 Bxb5 25. cxb5 Qb7 26. g3 Rxd1 27. Rxd1
Rd8 28. Bg2 Rxd1+ 29. Qxd1 Qc8 30. a4 Nd7 31. Qg4 Qd8 32. Bxh6 Bf6 33. Be3 Ne5
34. Qe2 Qd6 35. Qc2 Qd7 36. Qd2 Qxd2 37. Bxd2 Nc4 38. Bb4 Bd4 39. Bd5 Nb2 40.
Bd2 Nxa4 41. Kg2 Nc5 42. f4 g6 43. Kf3 Kg7 44. g4 Kf6 45. Bb4 Bb2 46. Bxc5 bxc5
47. Ke4 Bc3 48. Bc4 Ba5 49. Kd5 Bc7 50. Ke4 Kg7 51. h4 Bd8 52. h5 1/2-1/2

[Event "Deutsche Ländermeisterschaft 2016"]
[Site "Hannover GER"]
[Date "2016.10.01"]
[Round "1"]
[White "Brunner, Jan"]
[Black "Dietz, Kristin"]
[Result "0-1"]
[Termination "normal"]
[Board "7.6"]
[WhiteElo "1953"]
[BlackElo "1601"]
[WhiteTeam "Württemberg"]
[BlackTeam "Sachsen-Anhalt"]
[PlyCount "88"]
[WhiteFideId "12981010"]
[BlackFideId "12993743"]
[EventCountry "GER"]
[EventRounds "7"]
[EventType "team-swiss"]
[EventDate "2016.09.30"]

1. d4 Nf6 2. c4 c5 3. d5 b5 4. cxb5 a6 5. bxa6 Bxa6 6. Nc3 g6 7. Nf3 d6 8. g3
Bg7 9. Bg2 Nbd7 10. O-O Nb6 11. Re1 O-O 12. e4 Nc4 13. Qc2 Ng4 14. h3 Nge5 15.
Nxe5 Nxe5 16. Rd1 Qa5 17. Bg5 Rfe8 18. Rac1 c4 19. Qa4 Qxa4 20. Nxa4 Nd3 21.
Bf1 Nxc1 22. Rxc1 Bb5 23. Nc3 Bxc3 24. Rxc3 Rxa2 25. Bxc4 Bxc4 26. Rxc4 Rxb2
27. Bh6 Reb8 28. Rc7 R2b7 29. Rc4 Rb4 30. Rxb4 Rxb4 31. f3 f6 32. h4 Rb2 33.
Be3 Kf7 34. Bf2 e6 35. dxe6+ Kxe6 36. Kg2 f5 37. exf5+ gxf5 38. f4 d5 39. Kf3
Rb3+ 40. Ke2 Kd6 41. Be3 Kc6 42. Kd2 Kb5 43. Ke2 Kc4 44. Kd2 d4 0-1

[Event "Deutsche Ländermeisterschaft 2016"]
[Site "Hannover GER"]
[Date "2016.10.01"]
[Round "1"]
[White "Richter, Leonard"]
[Black "Müller, Nick"]
[Result "1-0"]
[Termination "normal"]
[Board "8.1"]
[WhiteElo "2282"]
[BlackElo "2197"]
[WhiteTeam "Sachsen"]
[BlackTeam "Mecklenburg-Vorpommern"]
[PlyCount "145"]
[WhiteFideId "12900290"]
[BlackFideId "24692093"]
[EventCountry "GER"]
[EventRounds "7"]
[EventType "team-swiss"]
[EventDate "2016.09.30"]

1. e4 Nf6 2. e5 Nd5 3. d4 d6 4. Nf3 dxe5 5. Nxe5 c6 6. c4 Nc7 7. Nc3 Nd7 8. Be3
Nxe5 9. dxe5 Qxd1+ 10. Rxd1 g6 11. Be2 Bg7 12. f4 O-O 13. O-O f6 14. exf6 exf6
15. Rd2 Re8 16. Bf2 f5 17. Na4 Ne6 18. g3 Re7 19. Rfd1 Bf8 20. Bf3 Rc7 21. a3
Rb8 22. c5 Re7 23. b4 Nc7 24. Bd4 Be6 25. Nb2 Bb3 26. Rc1 Rd8 27. Rd3 Red7 28.
Rxb3 Rxd4 29. Nc4 Rd3 30. Rcc3 Rxc3 31. Rxc3 Nb5 32. Re3 Nd4 33. Kf2 Nxf3 34.
Kxf3 Kf7 35. Na5 Rd7 36. Ke2 Be7 37. Rd3 Rc7 38. Nc4 Ke8 39. Ne5 b6 40. cxb6
axb6 41. Rc3 Bf6 42. Rxc6 Bxe5 43. Re6+ Kd7 44. Rxe5 Rc2+ 45. Kd3 Rxh2 46. Kc4
Rh3 47. Re3 h5 48. a4 h4 49. Rd3+ Kc6 50. gxh4 Rxh4 51. Rd4 Rh1 52. b5+ Kc7 53.
Kd5 Re1 54. Rc4+ Kb7 55. Rc6 Rd1+ 56. Ke5 Re1+ 57. Kf6 Re4 58. Kg5 Rxa4 59.
Rxg6 Rb4 60. Rg7+ Kc8 61. Kxf5 Rxb5+ 62. Ke6 Rb1 63. f5 Re1+ 64. Kf7 Kd7 65. f6
Rf1 66. Kg8+ Kc6 67. f7 b5 68. Rg5 Kb6 69. f8=Q Rxf8+ 70. Kxf8 Ka5 71. Ke7 Ka4
72. Kd6 b4 73. Kc5 1-0

[Event "Deutsche Ländermeisterschaft 2016"]
[Site "Hannover GER"]
[Date "2016.10.01"]
[Round "1"]
[White "Schmekel, Florian"]
[Black "Zienert, Richard"]
[Result "0-1"]
[Termination "normal"]
[Board "8.2"]
[WhiteElo "1994"]
[BlackElo "2182"]
[WhiteTeam "Mecklenburg-Vorpommern"]
[BlackTeam "Sachsen"]
[PlyCount "42"]
[WhiteFideId "12913456"]
[BlackFideId "12945986"]
[EventCountry "GER"]
[EventRounds "7"]
[EventType "team-swiss"]
[EventDate "2016.09.30"]

1. d4 Nf6 2. c4 e6 3. Nc3 Bb4 4. e3 b6 5. Bd3 Bb7 6. Nf3 O-O 7. O-O d5 8. cxd5
exd5 9. Ne2 Bd6 10. Ng3 g6 11. b3 Nbd7 12. Bb2 Qe7 13. Rc1 Ne4 14. Nd2 f5 15.
Re1 Ndf6 16. Ndf1 Rae8 17. Ne2 Nxf2 18. Kxf2 Ng4+ 19. Kg1 Bxh2+ 20. Kh1 Qh4 21.
g3 Qh3 0-1

[Event "Deutsche Ländermeisterschaft 2016"]
[Site "Hannover GER"]
[Date "2016.10.01"]
[Round "1"]
[White "Wong, Gengchun"]
[Black "Lange, Jannis"]
[Result "1-0"]
[Termination "normal"]
[Board "8.3"]
[WhiteElo "2069"]
[BlackElo "1849"]
[WhiteTeam "Sachsen"]
[BlackTeam "Mecklenburg-Vorpommern"]
[PlyCount "77"]
[WhiteFideId "12963283"]
[BlackFideId "12993107"]
[EventCountry "GER"]
[EventRounds "7"]
[EventType "team-swiss"]
[EventDate "2016.09.30"]

1. e4 c5 2. Nf3 Nc6 3. Nc3 Nf6 4. d4 cxd4 5. Nxd4 e5 6. Ndb5 d6 7. Bg5 a6 8.
Na3 b5 9. Bxf6 gxf6 10. Nd5 f5 11. c3 Bg7 12. exf5 Bxf5 13. Nc2 O-O 14. Nce3
Be6 15. Bd3 f5 16. Qh5 e4 17. Bc2 Ne7 18. Nf4 Bf7 19. Bb3 Qd7 20. O-O Be5 21.
Nh3 d5 22. Qg5+ Kh8 23. f4 Rg8 24. Qh4 Ng6 25. Qf2 Bc7 26. Rad1 Bb6 27. Kh1 Qa7
28. Rfe1 Rgd8 29. Qd2 Bxe3 30. Rxe3 h6 31. Rg3 Qc7 32. Qd4+ Kh7 33. Qf6 Rd6 34.
Qxf5 Qd7 35. Qh5 Nxf4 36. Ng5+ Kg8 37. Nxf7+ Kf8 38. Qe5 Ng6 39. Qxd6+ 1-0

[Event "Deutsche Ländermeisterschaft 2016"]
[Site "Hannover GER"]
[Date "2016.10.01"]
[Round "1"]
[White "Troyke, Jannis"]
[Black "Burian, Simon"]
[Result "0-1"]
[Termination "normal"]
[Board "8.6"]
[WhiteElo "1726"]
[BlackElo "1802"]
[WhiteTeam "Mecklenburg-Vorpommern"]
[BlackTeam "Sachsen"]
[PlyCount "50"]
[WhiteFideId "12993115"]
[BlackFideId "12956902"]
[EventCountry "GER"]
[EventRounds "7"]
[EventType "team-swiss"]
[EventDate "2016.09.30"]

1. e4 c5 2. Nf3 d6 3. d4 cxd4 4. Nxd4 Nf6 5. Nc3 a6 6. Bg5 e6 7. Be2 Be7 8. Qd2
Nbd7 9. O-O-O Qc7 10. f4 b5 11. Bf3 Bb7 12. Rhe1 h6 13. Bxf6 Nxf6 14. g4 Nd7
15. g5 hxg5 16. fxg5 Ne5 17. Bh1 Rc8 18. Qf4 b4 19. Nb1 Qa5 20. a3 Nd3+ 21.
Rxd3 Bxg5 22. Qxg5 Qxg5+ 23. Kd1 bxa3 24. Nxa3 Rxh2 25. Nf3 Qh5 0-1

[Event "Deutsche Ländermeisterschaft 2016"]
[Site "Hannover GER"]
[Date "2016.10.01"]
[Round "1"]
[White "Bui, Ngoc Han Julia"]
[Black "Eulitz, Charlotte"]
[Result "1-0"]
[Termination "normal"]
[Board "8.7"]
[WhiteElo "1768"]
[BlackElo "1465"]
[WhiteTeam "Sachsen"]
[BlackTeam "Mecklenburg-Vorpommern"]
[PlyCount "131"]
[WhiteFideId "12977055"]
[BlackFideId "12964654"]
[EventCountry "GER"]
[EventRounds "7"]
[EventType "team-swiss"]
[EventDate "2016.09.30"]

1. e4 e5 2. Nf3 Nc6 3. Bb5 a6 4. Ba4 Nf6 5. d3 b5 6. Bb3 d6 7. a4 Be6 8. Bxe6
fxe6 9. Ng5 Ke7 10. f4 exf4 11. Bxf4 h6 12. Nf3 g5 13. Be3 Bg7 14. c3 Qd7 15.
Qd2 bxa4 16. Rxa4 Ne5 17. Nxe5 Qxa4 18. Ng6+ Kd7 19. Nxh8 Bxh8 20. O-O Rg8 21.
Na3 Ke7 22. Nc2 Ng4 23. Bf2 Rf8 24. Bg3 Rxf1+ 25. Kxf1 Bg7 26. d4 Qb5+ 27. Qe2
Qxb2 28. Nb4 Qa1+ 29. Qe1 Qa4 30. Qe2 Qa1+ 31. Qe1 Qa4 32. Qe2 Qa1+ 33. Qe1
Ne3+ 34. Kg1 Qd1 35. Bf2 Qxe1+ 36. Bxe1 Kd7 37. Nxa6 Nd1 38. Kf1 Ne3+ 39. Kf2
Nc2 40. Bd2 Na3 41. Ke2 Nc4 42. Be1 Nb6 43. Kd3 Kc6 44. c4 Kb7 45. Nb4 c5 46.
Nc2 Ka6 47. d5 exd5 48. exd5 Be5 49. h3 Na4 50. Ne3 h5 51. Kc2 Nb6 52. Kb3 Bf4
53. Nf5 Nd7 54. Ng7 Nf6 55. Bc3 Be5 56. Bxe5 dxe5 57. Ne6 g4 58. Nxc5+ Kb6 59.
Nd3 e4 60. Nf4 gxh3 61. gxh3 Kc5 62. Kc3 h4 63. Ne6+ Kd6 64. Kd4 Nd7 65. Kxe4
Nf6+ 66. Kd4 1-0

[Event "Deutsche Ländermeisterschaft 2016"]
[Site "Hannover GER"]
[Date "2016.10.01"]
[Round "1"]
[White "Wucherer, Sophie"]
[Black "Peglau, Mirjam"]
[Result "0-1"]
[Termination "normal"]
[Board "8.8"]
[WhiteElo "1213"]
[BlackElo "1534"]
[WhiteTeam "Mecklenburg-Vorpommern"]
[BlackTeam "Sachsen"]
[PlyCount "90"]
[WhiteFideId "16225473"]
[BlackFideId "16211138"]
[EventCountry "GER"]
[EventRounds "7"]
[EventType "team-swiss"]
[EventDate "2016.09.30"]

1. d4 Nf6 2. Bf4 d5 3. e3 Bf5 4. c4 e6 5. Nc3 Nbd7 6. Nf3 Be7 7. Be2 Nh5 8. Bg5
Bxg5 9. Nxg5 Qxg5 10. g4 Bxg4 11. Bxg4 Nhf6 12. Be2 dxc4 13. Bxc4 Qg2 14. Ke2
Qg4+ 15. Kd2 Rd8 16. Kc2 Qf5+ 17. Bd3 Qxf2+ 18. Qe2 Qxe2+ 19. Bxe2 c5 20. Rad1
cxd4 21. exd4 Nb6 22. Bf3 Nbd5 23. Rhe1 O-O 24. Rd2 Rd7 25. a3 Rfd8 26. Ne2 b6
27. Rd3 Ne7 28. Red1 Nf5 29. Kc3 Nd5+ 30. Bxd5 Rxd5 31. b3 g6 32. b4 Kg7 33.
Nf4 R5d6 34. Ne2 Rc8+ 35. Kb2 Kf6 36. Rg1 Ke7 37. h3 e5 38. Rgd1 e4 39. R3d2
Ne3 40. Rc1 Nc4+ 41. Ka1 Nxd2 42. Rxc8 Nb3+ 43. Kb2 Nxd4 44. Rc4 Nxe2 45. Rxe4+
Re6 0-1

[Event "Deutsche Ländermeisterschaft 2016"]
[Site "Hannover GER"]
[Date "2016.10.01"]
[Round "1"]
[White "Müller, Max"]
[Black "Schröder, Kevin"]
[Result "0-1"]
[Termination "normal"]
[Board "9.1"]
[BlackTitle "FM"]
[WhiteElo "2044"]
[BlackElo "2266"]
[WhiteTeam "SG Saarland / Rheinland-Pfalz"]
[BlackTeam "Nordrhein-Westfalen"]
[PlyCount "138"]
[WhiteFideId "12900486"]
[BlackFideId "12929840"]
[EventCountry "GER"]
[EventRounds "7"]
[EventType "team-swiss"]
[EventDate "2016.09.30"]

1. e4 e5 2. Nf3 Nc6 3. Bb5 g6 4. c3 Bg7 5. d4 exd4 6. cxd4 Nge7 7. O-O O-O 8.
Nc3 d5 9. exd5 Nxd5 10. h3 Be6 11. Re1 Nce7 12. Bg5 Nxc3 13. bxc3 h6 14. Bxe7
Qxe7 15. Bc4 c6 16. Bxe6 fxe6 17. Qb3 Rae8 18. Re3 Rf5 19. Rae1 Qf7 20. Rxe6
Rxe6 21. Qxe6 Ra5 22. Qxf7+ Kxf7 23. Re2 Ra3 24. Rc2 Ke6 25. Kf1 Kd5 26. Ke2 g5
27. Kd2 b5 28. Ne1 a5 29. Nd3 b4 30. cxb4 Kxd4 31. Nc1 axb4 32. Rxc6 Kd5 33.
Rc2 Bc3+ 34. Ke2 Ra8 35. Kd3 h5 36. Re2 g4 37. hxg4 hxg4 38. f3 g3 39. Re4 Bb2
40. Ne2 Kc5 41. Kc2 Bh8 42. Kb1 Rd8 43. Kc2 Ra8 44. Nc1 Kb5 45. Rg4 Rc8+ 46.
Kb1 Rd8 47. Kc2 Bc3 48. Nd3 Ra8 49. Nc1 Rc8 50. Nb3 Ka4 51. Rg6 Be5+ 52. Kb1
Re8 53. Nc5+ Kb5 54. Ne4 Kc4 55. Kc2 Ra8 56. Rc6+ Kd5 57. Rc5+ Kd4 58. Kb3 Ra3+
59. Kxb4 Rxa2 60. Rc4+ Ke3 61. Nxg3 Bxg3 62. Rc3+ Kd4 63. Rc4+ Kd5 64. Rg4 Be5
65. f4 Rb2+ 66. Ka4 Bd4 67. f5 Kc4 68. Ka3 Rb1 69. Rg3 Ra1# 0-1

[Event "Deutsche Ländermeisterschaft 2016"]
[Site "Hannover GER"]
[Date "2016.10.01"]
[Round "1"]
[White "Holtel, Jasper"]
[Black "Backens, Johannes"]
[Result "1-0"]
[Termination "normal"]
[Board "9.2"]
[WhiteTitle "FM"]
[WhiteElo "2194"]
[BlackElo "1934"]
[WhiteTeam "Nordrhein-Westfalen"]
[BlackTeam "SG Saarland / Rheinland-Pfalz"]
[PlyCount "43"]
[WhiteFideId "12956376"]
[BlackFideId "12946389"]
[EventCountry "GER"]
[EventRounds "7"]
[EventType "team-swiss"]
[EventDate "2016.09.30"]

1. e4 c5 2. Nf3 d6 3. Bb5+ Bd7 4. Bxd7+ Qxd7 5. O-O Nc6 6. c3 Nf6 7. d4 Nxe4 8.
d5 Ne5 9. Re1 Nxf3+ 10. Qxf3 Nf6 11. c4 O-O-O 12. b4 cxb4 13. a3 b3 14. Qxb3 g6
15. Be3 Kb8 16. Nc3 Qc8 17. Nb5 a6 18. Na7 Qc7 19. Nc6+ Ka8 20. Bb6 Qd7 21.
Nxd8 Bg7 22. Nxf7 1-0

[Event "Deutsche Ländermeisterschaft 2016"]
[Site "Hannover GER"]
[Date "2016.10.01"]
[Round "1"]
[White "Recktenwald, Cedric"]
[Black "Browning, Alex"]
[Result "1/2-1/2"]
[Termination "normal"]
[Board "9.3"]
[WhiteElo "1671"]
[BlackElo "2100"]
[WhiteTeam "SG Saarland / Rheinland-Pfalz"]
[BlackTeam "Nordrhein-Westfalen"]
[PlyCount "69"]
[WhiteFideId "12971928"]
[BlackFideId "12984019"]
[EventCountry "GER"]
[EventRounds "7"]
[EventType "team-swiss"]
[EventDate "2016.09.30"]

1. e4 c5 2. Nf3 d6 3. Bb5+ Nd7 4. d4 cxd4 5. Qxd4 Ngf6 6. O-O a6 7. Bxd7+ Bxd7
8. c4 e5 9. Qd3 h6 10. Nc3 Qc7 11. b3 Be7 12. Ba3 Be6 13. Rfd1 Qa5 14. Bb2 O-O
15. Nd5 Nxd5 16. cxd5 Bd7 17. a4 f5 18. Nd2 Qb6 19. Qe3 Qxe3 20. fxe3 b5 21.
Rdc1 Bg5 22. Re1 Rac8 23. Ba3 Rc3 24. Bxd6 Re8 25. Kf2 f4 26. exf4 Bxf4 27. Nf3
Rxb3 28. axb5 Bxb5 29. g3 Rb2+ 30. Kg1 Bd2 31. Nxd2 Rxd2 32. Rad1 Rc2 33. Rc1
Bd3 34. Rxc2 Bxc2 35. Bc7 1/2-1/2

[Event "Deutsche Ländermeisterschaft 2016"]
[Site "Hannover GER"]
[Date "2016.10.01"]
[Round "1"]
[White "Wagner, Leopold Franziskus"]
[Black "Tettmann, Ann-Kathrin"]
[Result "1-0"]
[Termination "normal"]
[Board "9.4"]
[WhiteElo "1997"]
[BlackElo "1789"]
[WhiteTeam "Nordrhein-Westfalen"]
[BlackTeam "SG Saarland / Rheinland-Pfalz"]
[PlyCount "83"]
[WhiteFideId "1641581"]
[BlackFideId "12945676"]
[EventCountry "GER"]
[EventRounds "7"]
[EventType "team-swiss"]
[EventDate "2016.09.30"]

1. d4 Nf6 2. Nf3 e6 3. Bg5 Be7 4. Nbd2 d6 5. e3 Nbd7 6. Bd3 b6 7. O-O Bb7 8. c3
Nd5 9. Bxe7 Nxe7 10. Qc2 Ng6 11. Rfe1 O-O 12. Bxg6 hxg6 13. e4 c5 14. Rad1 Qe7
15. c4 cxd4 16. Nxd4 Rac8 17. Qd3 Ne5 18. Qe2 Ba6 19. b3 g5 20. N2f3 Ng6 21.
Qd2 Nf4 22. Ne2 Nxe2+ 23. Qxe2 Rfd8 24. Rd2 Rc5 25. Red1 b5 26. cxb5 Bxb5 27.
Qe3 Rc7 28. Qxg5 Qxg5 29. Nxg5 Rc5 30. Nf3 Bc6 31. Re1 Kf8 32. h3 Ke7 33. Nd4
Bb7 34. Nf3 a5 35. Rd4 Rc2 36. Rd2 Rc5 37. Kh2 Rdc8 38. Red1 Bxe4 39. Rxd6 Bd5
40. Ra6 Kf6 41. Rd3 Ra8 42. Rxd5 1-0

[Event "Deutsche Ländermeisterschaft 2016"]
[Site "Hannover GER"]
[Date "2016.10.01"]
[Round "1"]
[White "Zimmer, Luca"]
[Black "Runte, Moritz"]
[Result "0-1"]
[Termination "normal"]
[Board "9.5"]
[WhiteElo "1590"]
[BlackElo "1860"]
[WhiteTeam "SG Saarland / Rheinland-Pfalz"]
[BlackTeam "Nordrhein-Westfalen"]
[PlyCount "98"]
[WhiteFideId "12921424"]
[BlackFideId "12991449"]
[EventCountry "GER"]
[EventRounds "7"]
[EventType "team-swiss"]
[EventDate "2016.09.30"]

1. e4 e5 2. Nf3 Nc6 3. Bc4 Nf6 4. d4 exd4 5. O-O Nxe4 6. Re1 d5 7. Bxd5 Qxd5 8.
Nc3 Qd8 9. Nxe4 Be7 10. Bg5 O-O 11. Bxe7 Qxe7 12. Nxd4 Bd7 13. Ng3 Qf6 14. Nb3
Rad8 15. c3 Bc8 16. Qc2 b6 17. Rad1 Bb7 18. Nd2 Ne5 19. Nde4 Qg6 20. Qe2 f6 21.
Rd2 Rxd2 22. Nxd2 Re8 23. Qh5 Qxh5 24. Nxh5 Kf7 25. Kf1 Rd8 26. Nb3 Ba6+ 27.
Kg1 c5 28. f4 Nd3 29. Rd1 Re8 30. Ng3 Nxb2 31. Rd7+ Re7 32. Rxe7+ Kxe7 33. Nf5+
Kf8 34. Nd2 Nc4 35. Nxc4 Bxc4 36. a3 Be6 37. Nd6 Ke7 38. Nb5 a6 39. Nc7 Bc4 40.
Na8 b5 41. Nc7 a5 42. Kf2 Kd7 43. Na6 Kd6 44. Ke3 Be6 45. Kd3 Kc6 46. Ke3 Kb6
47. Nxc5 Kxc5 48. Kd3 Bf5+ 49. Ke3 Kc4 0-1

[Event "Deutsche Ländermeisterschaft 2016"]
[Site "Hannover GER"]
[Date "2016.10.01"]
[Round "1"]
[White "Möller, Lisa-Marie"]
[Black "Jeschke, Jan"]
[Result "1-0"]
[Termination "normal"]
[Board "9.6"]
[WhiteElo "1697"]
[BlackElo "1249"]
[WhiteTeam "Nordrhein-Westfalen"]
[BlackTeam "SG Saarland / Rheinland-Pfalz"]
[PlyCount "45"]
[WhiteFideId "12959367"]
[BlackFideId "16225430"]
[EventCountry "GER"]
[EventRounds "7"]
[EventType "team-swiss"]
[EventDate "2016.09.30"]

1. e4 e5 2. Bc4 Bc5 3. Nf3 Nc6 4. c3 Nf6 5. d4 exd4 6. e5 Ng4 7. cxd4 Bb4+ 8.
Nc3 d6 9. Qb3 O-O 10. h3 dxe5 11. d5 Nd4 12. Nxd4 Bxc3+ 13. bxc3 exd4 14. hxg4
Re8+ 15. Kf1 Qe7 16. Bd2 Bxg4 17. f3 d3 18. Re1 Qf6 19. Kf2 Rxe1 20. Bxe1 Qf4
21. Bxd3 Re8 22. Bxh7+ Kf8 23. Qb4+ 1-0

[Event "Deutsche Ländermeisterschaft 2016"]
[Site "Hannover GER"]
[Date "2016.10.01"]
[Round "1"]
[White "Fuchs, Emily"]
[Black "Müdder, Melanie"]
[Result "0-1"]
[Termination "normal"]
[Board "9.7"]
[WhiteElo "1258"]
[BlackElo "1565"]
[WhiteTeam "SG Saarland / Rheinland-Pfalz"]
[BlackTeam "Nordrhein-Westfalen"]
[PlyCount "104"]
[WhiteFideId "16208986"]
[BlackFideId "12994103"]
[EventCountry "GER"]
[EventRounds "7"]
[EventType "team-swiss"]
[EventDate "2016.09.30"]

1. e4 c5 2. d4 cxd4 3. c3 dxc3 4. Nxc3 Nc6 5. Nf3 e6 6. Bc4 Nge7 7. O-O Ng6 8.
Nb5 a6 9. Nd6+ Bxd6 10. Qxd6 Qe7 11. Qxe7+ Kxe7 12. Be3 b5 13. Be2 Bb7 14. Rfd1
d6 15. Rac1 Rhc8 16. Bb6 Nce5 17. Rc7+ Rxc7 18. Bxc7 Bxe4 19. Bxd6+ Kf6 20.
Nxe5 Nxe5 21. Rd4 Bf5 22. g4 Nc6 23. Rf4 g5 24. Rf3 Nd4 25. Be5+ Kxe5 26. Re3+
Kf6 27. gxf5 Nxe2+ 28. Rxe2 Kxf5 29. Rc2 Rd8 30. Rc6 a5 31. Rc2 Kf6 32. Kg2 Rd4
33. Kg3 Rc4 34. Rxc4 bxc4 35. Kf3 Kf5 36. Ke2 Ke4 37. Kd2 Kd4 38. Kc2 f5 39.
Kd2 e5 40. Kc2 e4 41. Kd2 f4 42. Ke2 h5 43. Kd2 g4 44. Ke2 h4 45. Kd2 e3+ 46.
fxe3+ fxe3+ 47. Ke2 g3 48. hxg3 hxg3 49. Kf1 Kd3 50. a3 e2+ 51. Ke1 Ke3 52. a4
g2 0-1

[Event "Deutsche Ländermeisterschaft 2016"]
[Site "Hannover GER"]
[Date "2016.10.01"]
[Round "1"]
[White "Rudolph, Eva"]
[Black "Huppert, Anna"]
[Result "1-0"]
[Termination "normal"]
[Board "9.8"]
[WhiteElo "1568"]
[BlackElo "1066"]
[WhiteTeam "Nordrhein-Westfalen"]
[BlackTeam "SG Saarland / Rheinland-Pfalz"]
[PlyCount "119"]
[WhiteFideId "16200594"]
[BlackFideId "16214439"]
[EventCountry "GER"]
[EventRounds "7"]
[EventType "team-swiss"]
[EventDate "2016.09.30"]

1. e4 e6 2. d4 d5 3. Nd2 Nf6 4. e5 Nfd7 5. Bd3 c5 6. c3 Nc6 7. Ngf3 cxd4 8.
cxd4 f6 9. exf6 Nxf6 10. O-O Bd6 11. Re1 O-O 12. Nf1 Qc7 13. Bb5 Bd7 14. Ng3
Rae8 15. Bxc6 Bxc6 16. Ne5 Ne4 17. Nxe4 dxe4 18. Ng4 Qf7 19. Be3 Bf4 20. Qe2
Qf5 21. Bxf4 Qxf4 22. Ne3 Qf6 23. Rad1 Rd8 24. Ng4 Qg5 25. Ne5 e3 26. fxe3 Bd5
27. a3 Be4 28. Qg4 Qxg4 29. Nxg4 a5 30. Rc1 Rc8 31. Ne5 Rxc1 32. Rxc1 b5 33.
Rc5 Rb8 34. Nd7 Rd8 35. Ne5 Rb8 36. Nc6 Bxc6 37. Rxc6 Re8 38. Ra6 e5 39. d5 Rd8
40. e4 b4 41. Rxa5 bxa3 42. bxa3 Rc8 43. d6 Rc1+ 44. Kf2 Kf7 45. Rd5 Ke8 46. a4
Kd7 47. a5 Rc6 48. Kf3 Rxd6 49. Rxd6+ Kxd6 50. Kg4 Kc6 51. Kf5 Kb5 52. Kxe5
Kxa5 53. Kd6 Kb6 54. e5 Kb7 55. e6 h5 56. e7 g5 57. e8=Q h4 58. Qe7+ Kb6 59.
Qc7+ Kb5 60. Qc5+ 1-0